|
|
|
|
| LEADER |
00000nab a2200000 a 4500 |
| 001 |
vtls000647001 |
| 003 |
SK-MaSNL |
| 005 |
20260426070800.0 |
| 008 |
201103c1997 xo 0 slo |
| 015 |
|
|
|a SNBRB19rr/mm-uuuuu
|
| 035 |
|
|
|a CL0647140
|
| 040 |
|
|
|a SNKBUCL
|b slo
|c SNKBUCL
|e AACR2
|
| 041 |
0 |
|
|a slo
|
| 044 |
|
|
|a xo
|c SK
|
| 080 |
|
|
|a 323.1(437.6):329(437.6=945.11)MK
|2 1981
|
| 080 |
|
|
|a 329(437.6=945.11)MK
|2 1981
|
| 100 |
1 |
|
|a (dos)
|4 aut
|9 894012
|
| 245 |
1 |
0 |
|a Rok 1997 bol podľa lídrov MK pre menšiny zlý
|c (dos)
|
| 650 |
0 |
7 |
|a národnostná politika
|2 snkbucl
|9 4656
|
| 650 |
0 |
7 |
|a Maďarská koalícia
|2 snkbucl
|9 893922
|
| 651 |
|
7 |
|a Slovensko
|2 SNKPHgeo
|9 14231
|
| 655 |
|
7 |
|a články z novín a časopisov
|2 snkbucl
|9 267496
|
| 773 |
0 |
|
|t Sme
|g Roč. 5 a 50, č. 296 (27. 12. 1997), s. 2
|
| 850 |
|
|
|a Slovenská národná knižnica v Martine
|a MTA001
|
| 852 |
|
|
|a SNK
|b KIS3GCP
|
| 958 |
|
|
|a SK
|
| 958 |
|
|
|a HU
|
| 958 |
|
|
|a RK
|
| 958 |
|
|
|a RBX
|
| 999 |
|
|
|c 2671147
|d 2673077
|